Hammersmith and Fulham LBC v Monk (Record no. 34195)

MARC details
000 -LEADER
fixed length control field 01303cab a2200217 4500
001 - CONTROL NUMBER
control field ABS45939
008 - FIXED-LENGTH DATA ELEMENTS--GENERAL INFORMATION
fixed length control field 090401t1991 xxu||||| |||| 00| 0 eng d
035 ## - SYSTEM CONTROL NUMBER
System control number (Sirsi) u55984
041 ## - LANGUAGE CODE
Language code of text/sound track or separate title eng
245 ## - TITLE STATEMENT
Title Hammersmith and Fulham LBC v Monk
260 ## - PUBLICATION, DISTRIBUTION, ETC.
Date of publication, distribution, etc. 1991
350 ## - PRICE (NR) (BK AM CF MU VM SE) [OBSOLETE]
Price 0
490 ## - SERIES STATEMENT
Series statement Weekly Law Reports
Volume/sequential designation (1991) 3 WLR 1144-1157(14)
520 ## - SUMMARY, ETC.
Summary, etc. HL 5 December 1991. Appeal from CA which allowed an appeal by the council (H) from cc decision dismissing H`s claim for possession of property let to the appellant (M) and his cohabitee on a joint periodic tenancy terminable by four weeks notice, which notice had been duly served by M`s cohabitee without his knowledge or consent. Held that a contractual periodic tenancy held by two or more tenants continued only so long as both agreed to its continuation and that unless specifically treated in the agreement, such a tenancy can be terminated by a notice to quit from one party only, without the consent or knowledge of the other tenants. Appeal accordingly dismissed.
650 ## - SUBJECT ADDED ENTRY--TOPICAL TERM
Topical term or geographic name entry element JOINT TENANCIES
650 ## - SUBJECT ADDED ENTRY--TOPICAL TERM
Topical term or geographic name entry element NOTICE OF TERMINATION
650 ## - SUBJECT ADDED ENTRY--TOPICAL TERM
Topical term or geographic name entry element PROPERTY-RESIDENTIAL PROPERTY-RESIDENTIAL LANDLORD AND TENANT-RESIDENTIAL TENANCIES
690 ## - LOCAL SUBJECT ADDED ENTRY--TOPICAL TERM (OCLC, RLIN)
Topical term or geographic name as entry element LANDLORD AND TENANT-CASE LAW-RESIDENTIAL TENANCIES
942 ## - ADDED ENTRY ELEMENTS (KOHA)
Suppress in OPAC 0
948 ## - LOCAL PROCESSING INFORMATION (OCLC); SERIES PART DESIGNATOR (RLIN)
c (OCLC) 04/03/1997
Holdings
Withdrawn status Lost status Source of classification or shelving scheme Damaged status Not for loan Home library Current library Shelving location Date acquired Total Checkouts Full call number Barcode Date last seen Copy number Price effective from Koha item type
    Dewey Decimal Classification     London London Journal article 14/09/1999   ABS45939 55984-1001 06/08/2019 1 06/08/2019 Law report